Selección de comentarioa reales /

Guardado en:
Autor Principal: Garcilaso De La Vega, Inca
Formato: Libro
Publicado: Buenos Aires : Kapelusz, 1972
Series:Grandes Obras de la Literatura Universal
Materias:
Etiquetas: Agregar Etiqueta
Sin Etiquetas, Sea el primero en etiquetar este registro!
LEADER 00812nam a22002295a 4500
001 CEM.cems002715
005 20101203115445.0
008 130507s1972##################000#0#####d
003 CEMS
020 |a 9501322173 
082 0 4 |a Pe868 
100 1 |a Garcilaso De La Vega, Inca 
245 1 0 |a Selección de comentarioa reales /  |c Inca Garcilaso de La Vega 
260 |a Buenos Aires :  |b Kapelusz,  |c 1972 
300 |a 138 p. 
490 0 |a Grandes Obras de la Literatura Universal 
653 |a Literatura 
653 |a Literatura peruana 
859 |a CEMS  |b BIB. CEMS - 11 de abril  |h Pe868  |i G165  |p 13609.85  |t Ej.2 
859 |a CEMS  |b BIB. CEMS - 11 de abril  |h Pe868  |i G165  |p 13610.85  |t Ej.3 
859 |a CEMS  |b BIB. CEMS - 11 de abril  |h Pe868  |i G165  |p 13611.85  |t Ej.4 
859 |a CEMS  |b BIB. CEMS - 11 de abril  |h Pe868  |i G165  |p 15477.76  |t Ej.1